Analýza marketingovej pripravenosti podnikovej sféry na vstup do Európskej únie zborník vedeckých statí
Guardado en:
| Autor principal: | |
|---|---|
| Autor Corporativo: | |
| Otros Autores: | , , , , , , , |
| Formato: | Libro |
| Lenguaje: | eslovaco |
| Publicado: |
Bratislava
Vydavateľstvo EKONÓM
2003
|
| Materias: | |
| Etiquetas: |
Sin Etiquetas, Sea el primero en etiquetar este registro!
|
MARC
| LEADER | 00000nam$a2200000$$$4500 | ||
|---|---|---|---|
| 001 | 0074077 | ||
| 005 | 20240104094855.4 | ||
| 020 | |a 80-225-1694-5 | ||
| 041 | 0 | |a slo | |
| 044 | |a SK | ||
| 245 | 1 | 0 | |a Analýza marketingovej pripravenosti podnikovej sféry na vstup do Európskej únie |b zborník vedeckých statí |c Dagmar Lesáková a kolektív |
| 264 | 1 | |a Bratislava |b Vydavateľstvo EKONÓM |c 2003 | |
| 300 | |a 90 s. | ||
| 610 | 2 | 0 | |a marketing |
| 610 | 2 | 0 | |a podnik |
| 610 | 2 | 0 | |a zákazníci |
| 610 | 2 | 0 | |a Slovensko |
| 610 | 2 | 0 | |a Európska únia |
| 100 | 1 | |a Lesáková, Dagmar, 1949- | |
| 700 | 1 | |a Hasprová, Mária, 1970- | |
| 700 | 1 | |a Vokounová, Dana, 1962- | |
| 700 | 1 | |a Tajtáková, Mária | |
| 700 | 1 | |a Netri, Branislav | |
| 700 | 1 | |a Šímová, Dana | |
| 700 | 1 | |a Spišák, Robert | |
| 700 | 1 | |a Mesároš, Ľudovít | |
| 700 | 1 | |a Ježo, Ján | |
| 710 | 2 | |a Ekonomická univerzita v Bratislave. Obchodná fakulta | |